01011nam a2200169Ia 4500008004100000100001600041245004400057260003200101300000800133650002300141942001600164999001500180952016000195952016000355952016600515952016000681191201s2018 xx 000 0 und d aMURUGESH, N 0aHealth education and community pharmacy bSathya pubaNew delhic2018 a235 aCommunity Pharmacy 2ddccBK016 c8242d8242 00102ddc40708DPaPIETbPIETd2019-03-25eKirti Prakashang200.00kIN 3091l6o615.1 MUHpDP179r2022-07-15 00:00:00s2022-07-04v150.00w2019-03-12yBK 00102ddc40708DPaPIETbPIETd2019-03-25eKirti Prakashang200.00kIN 3091l6o615.1 MUHpDP180r2022-06-06 00:00:00s2022-06-01v150.00w2019-03-12yBK 00102ddc40708DPaPIETbPIETcR03d2019-03-25eKirti Prakashang200.00kIN 3091l1o615.1 MUHpDP181r2019-12-18 00:00:00s2019-12-17v150.00w2019-03-12yREF 00102ddc40708DPaPIETbPIETd2019-03-25eKirti Prakashang200.00kIN 3091l6o615.1 MUHpDP182r2021-10-19 00:00:00s2021-08-11v150.00w2019-03-12yBK